Jednostki czasu - Statystyki

Ogólne statystyki
  • Ten quiz został rozwiązany 62 razy
    50 od ostatniego zresetowania
  • Średni wynik to 13 z 19
Statystyki odpowiedzi
Odpowiedź % Poprawnych
Godzina
98%
Minuta
98%
Sekunda
98%
Doba | Dzień
94%
Rok
92%
Miesiąc
86%
Milisekunda
86%
Tydzień
84%
Dekada | Dziesięciolecie
82%
Kwadrans
82%
Wiek | Stulecie
82%
Milenium | Tysiąclecie
78%
Kwartał
71%
Nanosekunda
65%
Mikrosekunda
57%
Decysekunda
16%
Centysekunda
12%
czas Plancka
4%
Femtosekunda
4%
Nie znaleziono quizów pasujących do podanych kryteriów
Rozkład punktacji
Procent ludzi z każdym wynikiem
Percentyl według liczby udzielonych odpowiedzi
Twoja historia wyników
Nie rozwiązałeś tego quizu od ostatniego zresetowania